变变变,现在有两个我啦 / (Record no. 10098)

MARC details
000 -LEADER
fixed length control field 00845nam a22001817a 4500
001 - CONTROL NUMBER
control field 10098
003 - CONTROL NUMBER IDENTIFIER
control field FISKH
005 - DATE AND TIME OF LATEST TRANSACTION
control field 20260408102318.0
008 - FIXED-LENGTH DATA ELEMENTS--GENERAL INFORMATION
fixed length control field 260408b cb ||||| |||| 00| 0 eng d
020 ## - INTERNATIONAL STANDARD BOOK NUMBER
International Standard Book Number 9787568259460
040 ## - CATALOGING SOURCE
Original cataloging agency FISKH
Language of cataloging chi
Transcribing agency FISKH
Modifying agency FISKH
100 ## - MAIN ENTRY--PERSONAL NAME
Personal name (日)大桥惠美子
245 ## - TITLE STATEMENT
Title 变变变,现在有两个我啦 /
Statement of responsibility, etc. By (日)大桥惠美子
300 ## - PHYSICAL DESCRIPTION
Extent 28 pages :
Other physical details color illustrations ;
Dimensions 25 cm .
520 ## - SUMMARY, ETC.
Summary, etc. 故事讲述小女孩友美在草丛里看到小狐狸今太和常吉在变身比赛。常吉变成了友美的样子,被友美的妈妈误以为是真的友美带回家。常吉只好假装是友美吃饭睡觉。后来友美来找他,常吉变回小狐狸,与今太高高兴兴地回家了。这是一本有趣的绘本,适合幼儿阅读。
942 ## - ADDED ENTRY ELEMENTS (KOHA)
Source of classification or shelving scheme Dewey Decimal Classification
Koha item type Books
Suppress in OPAC No
Holdings
Withdrawn status Lost status Source of classification or shelving scheme Damaged status Not for loan Collection Home library Current library Shelving location Date acquired Total Checkouts Full call number Barcode Date last seen Price effective from Koha item type
    Dewey Decimal Classification     Reference Footprints International School Library Network Toul Tom Poung Campus Footprints International School Library Network Toul Tom Poung Campus Librarian's Shelf TTP 04/08/2026   (日)大桥惠美子 2026-0470 04/08/2026 04/08/2026 Books